<?xml version="1.0" encoding="UTF-8"?>
<record
    xmlns:xsi="http://www.w3.org/2001/XMLSchema-instance"
    xsi:schemaLocation="http://www.loc.gov/MARC21/slim http://www.loc.gov/standards/marcxml/schema/MARC21slim.xsd"
    xmlns="http://www.loc.gov/MARC21/slim">

  <leader>02411nab a2200289 ab4500</leader>
  <controlfield tag="005">20260428140844.0</controlfield>
  <controlfield tag="008">251016c2025    sp tr p#o#   #00|   eng d</controlfield>
  <controlfield tag="003"></controlfield>
  <datafield tag="040" ind1=" " ind2=" ">
    <subfield code="a">MX-MxUPN</subfield>
    <subfield code="b">spa</subfield>
    <subfield code="c">MX-MxUPN</subfield>
    <subfield code="e">aacr2</subfield>
  </datafield>
  <datafield tag="100" ind1="1" ind2=" ">
    <subfield code="a">Delgado Morales, Claudio</subfield>
    <subfield code="9">59420</subfield>
  </datafield>
  <datafield tag="100" ind1="1" ind2=" ">
    <subfield code="a">Duarte Hueros, Ana</subfield>
    <subfield code="9">59421</subfield>
  </datafield>
  <datafield tag="100" ind1="1" ind2=" ">
    <subfield code="a">Merino Godoy, Mar&#xED;a de los &#xC1;ngeles</subfield>
    <subfield code="9">59422</subfield>
  </datafield>
  <datafield tag="100" ind1="1" ind2=" ">
    <subfield code="a">Conde V&#xE9;lez, Sara</subfield>
    <subfield code="9">59423</subfield>
  </datafield>
  <datafield tag="245" ind1="1" ind2="0">
    <subfield code="a">Dise&#xF1;o y validaci&#xF3;n de un instrumento para evaluar la calidad de las apps gamificadas que promueven h&#xE1;bitos saludables en el alumnado de educaci&#xF3;n primaria y secundaria</subfield>
    <subfield code="h">[recurso electr&#xF3;nico en l&#xED;nea]</subfield>
  </datafield>
  <datafield tag="506" ind1="0" ind2=" ">
    <subfield code="a">Acceso abierto</subfield>
  </datafield>
  <datafield tag="520" ind1="3" ind2=" ">
    <subfield code="a">La promoci&#xF3;n de la salud en edades tempranas a trav&#xE9;s de la tecnolog&#xED;a gamificada ha emergido en los &#xFA;ltimos a&#xF1;os como una estrategia innovadora con grandes posibilidades educativas para mejorar &#xE1;reas espec&#xED;ficas de los h&#xE1;bitos saludables como la higiene, la alimentaci&#xF3;n, la actividad f&#xED;sica o la educaci&#xF3;n digital entre otras, siendo necesaria la implicaci&#xF3;n de todos los &#xE1;mbitos que rodean a ni&#xF1;os, ni&#xF1;as y adolescentes, especialmente del contexto familiar, con el fin de alcanzar un bienestar integral. En concreto, destacan las aplicaciones m&#xF3;viles (apps) que incorporan contenidos relacionados con la salud y est&#xE1;n dirigidas a ni&#xF1;os, ni&#xF1;as y adolescentes. Sin embargo, la gran mayor&#xED;a no cuentan con respaldo cient&#xED;fico basado en conocimiento experto. Este estudio busca crear un instrumento s&#xF3;lido y fiable para que las familias eval&#xFA;en la calidad de este software, asegurando su uso educativo y seguro. Se trata de un cuestionario de 39 &#xED;tems organizados en seis dimensiones. Tras una prueba piloto con 33 familias, los resultados de los an&#xE1;lisis estad&#xED;sticos realizados han revelado unas propiedades psicom&#xE9;tricas muy favorables, sugiriendo la utilidad del instrumento para apoyar a las familias en la selecci&#xF3;n de este tipo de apps educativas.</subfield>
    <subfield code="c"> RED</subfield>
  </datafield>
  <datafield tag="653" ind1=" " ind2="2">
    <subfield code="a">Instrumentos de evaluaci&#xF3;n</subfield>
  </datafield>
  <datafield tag="653" ind1=" " ind2="2">
    <subfield code="a">Validaci&#xF3;n</subfield>
  </datafield>
  <datafield tag="650" ind1=" " ind2="2">
    <subfield code="a">Aplicaciones m&#xF3;viles</subfield>
  </datafield>
  <datafield tag="653" ind1=" " ind2=" ">
    <subfield code="a">H&#xE1;bitos saludables</subfield>
  </datafield>
  <datafield tag="650" ind1=" " ind2="2">
    <subfield code="a">Menores</subfield>
  </datafield>
  <datafield tag="773" ind1=" " ind2=" ">
    <subfield code="g">Vol. 25, no. 81 (2025), p. 1-29</subfield>
    <subfield code="t">RED : Revista de educaci&#xF3;n a distancia</subfield>
    <subfield code="x">1578-7680</subfield>
  </datafield>
  <datafield tag="856" ind1="4" ind2=" ">
    <subfield code="u">https://revistas.um.es/red/article/view/632871</subfield>
  </datafield>
  <datafield tag="856" ind1="4" ind2=" ">
    <subfield code="u">https://revistas.um.es/red/article/view/632871/374951</subfield>
  </datafield>
  <datafield tag="902" ind1=" " ind2=" ">
    <subfield code="a">Leonor Sotres/280426</subfield>
  </datafield>
  <datafield tag="942" ind1=" " ind2=" ">
    <subfield code="c">ART-E</subfield>
  </datafield>
  <datafield tag="952" ind1=" " ind2=" ">
    <subfield code="0">0</subfield>
    <subfield code="1">0</subfield>
    <subfield code="4">0</subfield>
    <subfield code="7">0</subfield>
    <subfield code="8">CAA</subfield>
    <subfield code="a">BCUPN50</subfield>
    <subfield code="b">BCUPN50</subfield>
    <subfield code="c">ENL</subfield>
    <subfield code="d">2026-04-28</subfield>
    <subfield code="l">0</subfield>
    <subfield code="r">2026-04-28 14:09:09</subfield>
    <subfield code="u">https://revistas.um.es/red/article/view/632871/374951</subfield>
    <subfield code="w">2026-04-28</subfield>
    <subfield code="y">ART-E</subfield>
  </datafield>
  <datafield tag="999" ind1=" " ind2=" ">
    <subfield code="c">215026</subfield>
    <subfield code="d">215026</subfield>
  </datafield>
</record>
